| 000 | 00333nam a22001097a 4500 | ||
|---|---|---|---|
| 082 |
_a344.0095491 _bPLC |
||
| 245 |
_aPakistan Labour Cases 1970 / _cFounded by Malik Mir Muhammad and Edited by Kazi Abdul Hamid et all |
||
| 260 |
_aLahore : _bPLD Publishers, _c1970. |
||
| 300 |
_a905 p. ; _c23 cm. |
||
| 563 | _aHB. | ||
| 942 |
_2ddc _cCR _s1 |
||
| 999 |
_c595071 _d595071 |
||